Objects-oriented programming: From problems solving to Java (Record no. 130657)

MARC details
000 -LEADER
fixed length control field 00368nam a2200133Ia 4500
008 - FIXED-LENGTH DATA ELEMENTS--GENERAL INFORMATION
fixed length control field 230917s9999||||xx |||||||||||||| ||und||
040 ## - CATALOGING SOURCE
-- 111258
Original cataloging agency VIVEKANANDA LIBRARY
041 ## - Language
-- English
082 ## - DDC NUMBER
Classification number 005.133 G193O
100 ## - MAIN ENTRY--PERSONAL NAME
Personal name Garrido, Jose M
245 #0 - TITLE STATEMENT
Title Objects-oriented programming: From problems solving to Java
260 ## - PUBLICATION, DISTRIBUTION, ETC. (IMPRINT)
Place of publication, distribution, etc New Delhi
Name of publisher, distributor, etc Firewall Media
Date of publication, distribution, etc 2004
942 ## - ADDED ENTRY ELEMENTS (KOHA)
Koha item type Books
Holdings
Withdrawn status Lost status Damaged status Not for loan Location (home branch) Sublocation or collection (holding branch) Shelving location Date acquired Koha issues (times borrowed) Koha full call number Accession No. Koha date last seen Koha item type
        VIVEKANANDA LIBRARY VIVEKANANDA LIBRARY UIET Library 08/09/2006   005.133 G193O 229031 17/09/2023 Books
        VIVEKANANDA LIBRARY VIVEKANANDA LIBRARY UIET Library 08/09/2006   005.133 G193O 229032 17/09/2023 Books
        VIVEKANANDA LIBRARY VIVEKANANDA LIBRARY UIET Library 08/09/2006   005.133 G193O 236028 17/09/2023 Books
        VIVEKANANDA LIBRARY VIVEKANANDA LIBRARY   08/09/2006   005.133 G193O 236029 17/09/2023 Books
        VIVEKANANDA LIBRARY VIVEKANANDA LIBRARY UIET Library 08/09/2006   005.133 G193O 236030 17/09/2023 Books
© Designed and Maintained by Vivekananda Library, MDU Rohtak